000 00467nam a2200181Ia 4500
003 OSt
005 20250818104706.0
008 210210b1957 xxu||||| |||| 00| 0 eng d
040 _cAL
041 _akan
082 _a853/533
100 _aSADASHIVAYYA (T)
_9162102
_dಸದಾಶಿವಯ್ಯ (ಟಿ)
245 _aUma shashi:
_bಉಮಾ ಶಶಿ
260 _aBengaluru
_b-
_c1957
690 _aKannada Drama
_9162103
906 _a019803
942 _2ddc
_cBK
999 _c143950
_d143950